[Event "29th Czech Open-Rapid 2018"]
[Site "Pardubice"]
[Date "2018.07.18"]
[Round "3"]
[White "Gallego Alcaraz, Andres Felipe"]
[Black "Claridge-Hansen, William"]
[Result "1/2-1/2"]
[WhiteElo "2504"]
[BlackElo "2291"]
[Annotator "TA"]
[PlyCount "95"]
[EventDate "2018.07.18"]
[EventType "swiss"]
[EventCountry "CZE"]
[SourceTitle "playchess.com"]
[Source "ChessBase"]
[SourceQuality "1"]

{[%evp 21,95,14,35,18,13,14,18,19,72,74,93,93,92,105,122,69,89,75,79,80,77,81,71,52,64,56,55,53,68,53,61,-18,-9,-13,-23,-21,-20,-22,0,-42,-41,-61,-37,-56,-29,-85,-68,-80,-81,-80,-54,-49,-58,-57,0,0,0,-52,0,0,0,-61,0,-37,0,-41,-50,-80,0,-58,-9,-1886,-1875,-29989,-29990,-29992]} 1. d4 Nf6 2. c4 e6 3. Nf3 b6 4. g3 Bb7 5. Bg2 Bb4+ 6. Bd2 c5 7. Bxb4 cxb4 8. a3 Qe7 9. O-O O-O 10. Nbd2 {E16: Queen's Indian: 4 g3 Bb7 5 Bg2 Bb4+} bxa3 (10... Na6 11. Re1 bxa3 12. Rxa3 Nb4 13. e4 d6 14. Nh4 Rfd8 15. Bf1 a5 16. Ng2 e5 17. d5 Nd7 {½-½ (39) Kuzubov,Y (2635)-Moiseenko,A (2649) Izmir 2016}) 11. Rxa3 d6 {LiveBook: 3 Games} 12. Qa1 {White is slightly better.} Nc6 13. b4 a5 14. bxa5 bxa5 $146 (14... Rxa5 $11 {remains equal.} 15. Rb1 Rfa8 16. Rxa5 bxa5) ({Predecessor:} 14... Nxa5 15. Rb1 Nd7 16. Ne1 Bxg2 17. Nxg2 Rac8 {1-0 (30) Qendro,L (2325)-Mocchi,T (2248) Bratto 2013}) 15. Rb1 $16 Qc7 16. Ne1 Ra7 17. Nd3 Rfa8 18. Ra4 (18. d5 $16) 18... h6 19. e3 Nd7 20. d5 exd5 21. cxd5 Nce5 22. Rc1 Qb6 23. Nxe5 Nxe5 24. Qa3 {And now f4 would win.} Rc8 25. Rb1 Qc5 26. Qa1 (26. Qxc5 $14 Rxc5 27. f4) 26... Bxd5 $11 27. Ne4 $1 {[%cal Re4c5]} Bxe4 28. Bxe4 g6 29. Rd1 Qb6 30. Bd5 Rc5 31. Qd4 Qc7 32. Kg2 Ra6 33. Qe4 (33. Rda1 $11) 33... Kg7 34. Rd2 Rb6 35. Qd4 {next f4 is good for White.} f6 36. Rd1 h5 37. h4 Ng4 (37... Rbb5 $15 38. e4 Rc3) 38. Bf3 Ne5 (38... Rc2 $11 39. Rd2 Rxd2 40. Qxd2 Rb5) 39. Bd5 $15 Ng4 ({Black should play} 39... Rbb5 $15 40. e4 Rc3) 40. Bf3 $11 Ne5 (40... Rc2 $11 41. Bxg4 Rbb2) 41. Bd5 $15 Ng4 ({Better is} 41... Rbb5 $15 42. e4 Rc3) 42. Rd2 Ne5 43. Be4 Qb8 44. Bd5 Qc7 (44... Rbb5 $17 45. Bf3 Nxf3 46. Kxf3 Qb7+ 47. e4 Rc6) 45. Be4 ({White should try} 45. Rd1 $11) 45... Rbb5 46. Rc4 $2 {[%mdl 8192] [#]} (46. Qxd6 $11 Qxd6 47. Rxd6) 46... Rxc4 $19 47. Qxc4 Qxc4 48. Rd4 {[%mdl 32768] Precision: White = 54%, Black = 49%. . An unexpected result.} 1/2-1/2

[Event "29th Czech Open-Rapid 2018"]
[Site "Pardubice"]
[Date "2018.07.18"]
[Round "3"]
[White "Schlosser, Philipp"]
[Black "Frolov, Artur"]
[Result "1-0"]
[WhiteElo "2501"]
[BlackElo "2393"]
[Annotator "TA"]
[PlyCount "83"]
[EventDate "2018.07.18"]
[EventType "swiss"]
[EventCountry "CZE"]
[SourceTitle "playchess.com"]
[Source "ChessBase"]
[SourceQuality "1"]

{[%evp 23,83,35,36,0,0,-3,2,-14,58,67,73,80,93,0,0,0,0,0,3,5,4,6,31,30,44,31,35,29,57,43,84,76,78,62,65,68,68,78,62,67,70,40,74,71,74,74,74,31,39,43,252,245,441,414,350,230,29974,29975,29979,29976,29962,29961]} 1. Nf3 Nf6 2. c4 g6 3. Nc3 Bg7 4. e4 d6 5. d4 O-O 6. h3 e5 7. d5 Nh5 8. g3 {E90: King's Indian: Classical: Early deviations and 6 h3} Qe8 (8... Na6 9. Be2 Nc5 10. b4 Nd7 11. Rb1 a5 12. a3 axb4 13. axb4 Qe7 14. Bg5 f6 15. Be3 f5 16. exf5 {½-½ (68) Akobian,V (2647)-Guseinov,G (2646) Riadh 2017}) 9. Be2 f5 10. exf5 gxf5 11. Nh4 Nf6 12. Qc2 Na6 {LiveBook: 20 Games} 13. Be3 f4 14. gxf4 exf4 15. Bd4 $1 Nb4 (15... f3 $1 $11 16. Nxf3 Nb4) 16. Qd2 $146 c5 17. dxc6 $1 Nxc6 {Strongly threatening ...Ne4.} 18. Bxf6 (18. O-O-O $16) 18... Bxf6 $11 19. Nf3 Bf5 20. O-O-O Bxc3 21. bxc3 Qe4 $132 {[%csl Gf5][%cal Re4b1][%mdl 2048] Black is fighting back} 22. Qd5+ Qxd5 (22... Kh8 {looks sharper.} 23. Bd3 Qxd5 24. cxd5 Ne7 25. Nd4 Bxd3 26. Rxd3 Rae8) 23. cxd5 Ne5 24. Nxe5 dxe5 25. Bg4 Rad8 26. Rhe1 Bxg4 27. hxg4 $14 {[%mdl 4096] Endgame KRR-KRR} Rfe8 28. f3 Kf7 29. Kc2 b5 {[#]} 30. a4 $1 {[%mdl 512]} a6 (30... bxa4 31. Re4) 31. axb5 axb5 32. Kb3 Kf6 33. Rh1 e4 {[#]} 34. fxe4 $1 Rxe4 35. Rxh7 Kg6 36. Rh5 f3 $2 (36... Rb8 $1 $14) 37. Rf5 $18 Rxg4 $2 (37... Re3 {was necessary.} 38. d6 Re6 39. Rxf3 Rexd6 40. Rxd6+ Rxd6) 38. Rxf3 Rd6 39. Rf8 {And now Rg8+ would win.} Rg5 $2 (39... Rc4 $18 40. Rg1+ Kh7) 40. Rg8+ {White mates.} Kf6 41. Rxg5 Kxg5 42. Kb4 {Precision: White = 66%, Black = 44%.} 1-0

[Event "29th Czech Open-Rapid 2018"]
[Site "Pardubice"]
[Date "2018.07.18"]
[Round "3"]
[White "Hasangatin, Ramil"]
[Black "Zhuravlev, Stepan"]
[Result "1-0"]
[WhiteElo "2497"]
[BlackElo "2121"]
[Annotator "TA"]
[PlyCount "155"]
[EventDate "2018.07.18"]
[EventType "swiss"]
[EventCountry "CZE"]
[SourceTitle "playchess.com"]
[Source "ChessBase"]
[SourceQuality "1"]

{[%evp 12,155,8,-22,7,-1,2,-3,3,0,0,-26,-18,-16,22,-46,-28,-26,35,41,29,10,24,25,27,8,23,-7,31,0,16,0,0,0,0,0,0,-10,0,0,1,7,10,8,32,36,30,30,38,38,46,0,17,0,1,1,10,0,0,0,35,35,35,27,41,35,47,28,77,77,89,77,78,78,146,74,181,83,182,104,162,155,155,154,181,181,194,181,181,0,194,194,194,194,186,182,182,155,155,0,182,0,186,163,159,0,187,187,187,194,194,194,194,194,233,182,182,155,182,163,163,163,163,0,170,0,182,182,207,182,183,183,228,218,410,413,425,402,420,416,768,763,1554,1544,1512,1260]} 1. e4 e5 2. Nf3 Nc6 3. Bb5 a6 4. Ba4 Nf6 5. Bxc6 dxc6 6. d3 Bd6 7. Bg5 {LiveBook: 9 Games. C77: Ruy Lopez: 3...a6 4 Ba4 Nf6, unusual lines} (7. Nbd2 O-O 8. Nc4 Re8 9. O-O Bg4 10. h3 Bh5 11. Ne3 Nd7 12. Nf5 Nf8 13. g4 Bg6 14. Bg5 f6 15. Be3 Ne6 {0-1 (47) Bartel,M (2664)-Efimenko,Z (2643) Wroclaw 2014}) 7... c5 8. Nbd2 Be6 9. Qe2 {The position is equal.} h6 10. Bh4 Qe7 11. b3 $146 ({Predecessor:} 11. Nc4 Bxc4 12. dxc4 Qe6 13. Bxf6 Qxf6 14. O-O-O O-O-O {½-½ (53) Delgado Ramirez,N (2554)-Van den Doel,E (2560) Mallorca 2004}) 11... O-O-O 12. Nc4 Bxc4 (12... g5 {keeps more tension.} 13. Bg3 Bxc4 14. dxc4 Nh5 15. O-O-O Rhe8) 13. bxc4 (13. Bxf6 $11 Qxf6 14. bxc4) 13... g5 $15 14. Bg3 Nd7 (14... Nh5 $11) 15. Nd2 $14 {[%cal Bf3d2,Bd2f1,Bf1e3,Be3d5][%mdl 32]} Nf8 {[%cal Bd7f8,Bf8e6,Be6d4][%mdl 32]} 16. Nf1 Ne6 17. Ne3 Nd4 18. Qg4+ Kb8 {And now ...h5 would win.} 19. h4 f6 20. c3 Ne6 21. Nd5 Qf7 $1 22. Qf5 Rdf8 23. hxg5 hxg5 24. O-O-O Rxh1 25. Rxh1 {White wants to play Rh6.} Ng7 26. Qg4 c6 27. Ne3 Qc7 28. Rh7 Rf7 29. Qd1 Ka7 30. Kd2 Rd7 31. Ke2 Ne6 32. Rh6 Be7 33. Nf5 Bd8 34. Rh8 Qb6 35. Qb3 (35. Qa1 {is more complex.} Qc7 36. Re8 Nf4+ 37. Bxf4 exf4 38. Qc1) 35... Qxb3 (35... Qc7 {with more complications.} 36. Qb1 Rh7 37. Rxh7 Qxh7 38. Kd2 Ba5) 36. axb3 a5 37. Kd2 $36 {[%mdl 2048] White has some pressure.} Ka6 38. Kc2 b6 39. f3 b5 {[#]} 40. cxb5+ $1 Kxb5 41. Ne3 Ka6 42. Rh1 Kb5 ({Black should try} 42... Nf4) 43. Nc4 ({Better is} 43. Bf2) 43... Ka6 {[#]} (43... Nf4 $16) 44. Rh8 (44. Bf2 $1 $18) 44... Kb5 (44... Nf4 $16) 45. Bh2 (45. Nb2 $18) 45... Ka6 (45... Nf4 $16) 46. g3 Kb5 47. Bg1 Ka6 48. Bf2 Kb5 49. Rh1 Ka6 50. Rh8 Kb5 51. Nb2 Ka6 52. Na4 Be7 53. Rh7 {Strongly threatening Bxc5!} Rb7 54. Rf7 Ra7 55. Rh7 Rb7 $1 56. Rh8 Rd7 $1 57. Ra8+ Kb7 58. Rh8 ({Not} 58. Rxa5 Bd8 $11) 58... Ka6 $1 59. Re8 Kb7 60. Nb2 Nc7 61. Rh8 Ne6 62. Nc4 Bd8 63. Be3 Ka6 64. Nb2 Kb7 65. Na4 Be7 66. Rh7 {Threatens to win with Bxc5!} Kc7 67. Rh8 Kb7 $1 68. Nb2 Bd8 $1 69. Kd2 Ka6 70. Nc4 Kb5 71. Rh1 Nc7 72. Rh6 a4 $2 (72... Na8 {keeps fighting.} 73. Na3+ Kb6 74. Nc4+ Kb5 75. Na3+ Kb6 76. Nc4+ Kb5) 73. bxa4+ $18 Ka6 74. Bxc5 Ne6 75. Be3 Ba5 (75... Nc7 $142 76. Bb6 Ne8) 76. Rxf6 {White is clearly winning.} Nd4 77. Bxd4 exd4 78. Rxc6+ {Precision: White = 45%, Black = 48%.} 1-0

[Event "29th Czech Open-Rapid 2018"]
[Site "Pardubice"]
[Date "2018.07.18"]
[Round "3"]
[White "Gutman, Gennadi"]
[Black "Shyam, Sundar M"]
[Result "1/2-1/2"]
[WhiteElo "2476"]
[BlackElo "2527"]
[Annotator "TA"]
[PlyCount "142"]
[EventDate "2018.07.18"]
[EventType "swiss"]
[EventCountry "CZE"]
[SourceTitle "playchess.com"]
[Source "ChessBase"]
[SourceQuality "1"]

{[%evp 20,142,21,14,11,0,0,-12,0,-25,-20,-20,-10,-17,-25,-20,-30,-29,28,20,37,22,16,7,45,27,37,43,39,0,54,46,70,32,69,0,10,4,6,0,0,0,46,40,46,32,40,32,40,40,54,60,61,61,61,60,68,40,92,40,40,40,40,40,47,27,27,27,27,0,27,0,27,0,27,27,27,0,27,0,82,0,0,0,0,0,0,0,0,0,0,0,0,-176,-148,-250,-281,-253,-238,-320,-15,-33,0,0,0,0,0,0,0,0,0,0,0,0,0,0,0,0,0,0,0,0,0,0,0]} 1. Nf3 c5 2. b3 b6 3. Bb2 Bb7 4. e3 Nf6 5. d4 e6 6. Nbd2 Be7 7. Bd3 O-O 8. O-O cxd4 9. exd4 Nc6 10. a3 d5 11. Re1 {LiveBook: 17 Games} Re8 {D05: Colle System with ...e6} (11... Rc8 12. Qe2 {½-½ (12) Krejci,J (2501)-Shengelia,D (2576) Frydek Mistek 2016}) 12. Nf1 $146 ({Predecessor:} 12. Ne5 Nxe5 13. dxe5 Nd7 14. c4 Nc5 15. Bc2 dxc4 16. Nxc4 Qxd1 17. Raxd1 Bd5 18. Rd4 Rec8 19. Rc1 {½-½ (79) Lau,R (2467)-Thinius,M (2353) Germany 2005}) 12... Bf8 13. Ng3 g6 14. Qe2 Bg7 15. Rad1 $1 Qc7 16. h3 a6 17. Qe3 b5 18. Ne5 Nxe5 ({Better is} 18... Rac8) 19. dxe5 $11 Nd7 {[%cal Bf6d7,Bd7b8,Bb8c6][%mdl 32]} 20. Bd4 {[%cal Bb2d4,Bd4c5,Bc5d6][%mdl 32]} Rac8 21. b4 Nb8 22. f4 Nc6 23. Bc5 f6 24. Bd6 Qd8 (24... Qd7 $11) 25. Ne2 $14 Kh8 26. c3 f5 27. g3 (27. Ra1 $14) 27... Bf8 $11 28. Bxf8 Rxf8 29. Nd4 Nxd4 30. cxd4 Rf7 31. Rc1 Rc4 32. Bxc4 dxc4 33. Kh2 Qd5 {[%csl Gb7][%cal Rd5g2]} 34. Rc2 Rd7 35. Rd2 Kg7 {[%cal Bh8g7,Bg7f8,Bf8e8,Be8d8,Bd8c8,Bc8b7][%mdl 32]} 36. g4 Rf7 $1 37. Kg3 Kf8 38. Rf2 h5 (38... Rd7 $14) 39. g5 (39. Rg1 $1 $16) 39... Rd7 $14 40. Rd2 Ke8 41. Qc3 Kd8 42. h4 Bc6 43. Kh2 Kc8 44. Kg3 Kb7 45. Kh2 Kb6 46. Kg3 Ra7 47. Rb2 Rd7 48. Rd2 Ra7 49. Rb2 Ra8 (49... Rd7 $11 {keeps the balance.}) 50. Kh2 (50. Qe3 $16) 50... Rd8 $11 51. Rd2 Qf3 52. Qxf3 Bxf3 {[%mdl 4096] Endgame KRR-KRB} 53. Kg3 Be4 54. Re3 a5 $1 55. bxa5+ Kxa5 56. Kf2 $2 {[#]} (56. Rc3 $11) 56... Rc8 $1 $19 57. Rc3 (57. Rd1 $17 {keeps fighting.} c3 58. Rc1) 57... b4 58. axb4+ Kxb4 59. Rc1 {[#]} c3 $2 (59... Kb3 $1 $19 60. Re1 c3) 60. Ra2 $11 {next Ra6 is good for White.} Kb3 {[%mdl 1024] Black has compensation.} (60... c2 $5 {[%cal Rb4b3]} 61. Ra6 Kc3 $11) 61. Ra6 {The position is equal.} Kb2 62. Re1 {aiming for Rb6+.} c2 63. Rb6+ Ka2 64. Ra6+ Kb2 {And now ...Rc6 would win.} 65. Rb6+ Ka2 66. Ra6+ Kb3 67. Rb6+ Ka2 68. Ra6+ Kb2 {...Rc6 is the strong threat.} 69. Rb6+ Ka2 70. Ra6+ Kb3 71. Rb6+ Ka2 {Precision: White = 41%, Black = 48%.} 1/2-1/2

[Event "29th Czech Open-Rapid 2018"]
[Site "Pardubice"]
[Date "2018.07.18"]
[Round "3"]
[White "Gasanov, Eldar"]
[Black "Piscopo, Pierluigi"]
[Result "1-0"]
[WhiteElo "2475"]
[BlackElo "2389"]
[Annotator "TA"]
[PlyCount "100"]
[EventDate "2018.07.18"]
[EventType "swiss"]
[EventCountry "CZE"]
[SourceTitle "playchess.com"]
[Source "ChessBase"]
[SourceQuality "1"]

{[%evp 17,100,51,46,34,28,24,82,71,135,129,119,92,84,74,78,37,183,118,126,108,124,120,125,133,137,133,150,153,195,193,206,208,280,208,290,102,99,106,94,95,103,97,119,100,107,107,109,102,116,0,156,158,430,435,418,384,381,418,472,445,453,253,381,308,288,283,283,290,285,270,315,318,364,361,692,493,839,816,806,752,638,304,289,285,266]} 1. e4 c5 2. d3 d5 3. exd5 Nf6 4. c4 e6 5. dxe6 Bxe6 6. Be2 Nc6 7. Nf3 Be7 {B01: Scandinavian Defence} 8. Nc3 O-O 9. O-O Qd7 {LiveBook: 3 Games. White is slightly better.} 10. Be3 Rad8 11. Ng5 $146 ({Predecessor:} 11. Qc1 Bg4 12. Rd1 Qf5 13. Ne1 Bxe2 14. Nxe2 Ng4 15. Ng3 {1-0 (44) Tu,H (2475)-Wong,M (2415) Singapore 1997}) 11... Nd4 (11... Bg4 $11) 12. Bxd4 $16 Qxd4 (12... cxd4 $142 13. Nxe6 Qxe6) 13. Nxe6 fxe6 14. Nb5 Qxb2 15. Rb1 Qe5 16. Nxa7 Rf7 (16... Ne4 $1 $14 17. Qc2 Bg5) 17. Bf3 $36 {[%mdl 2048] White has strong initiative.} (17. Rxb7 $18 {aiming for Nc6.} Bd6 18. g3 Rxb7 19. Nc6) 17... Bd6 {[%csl Gd6][%cal Re5h2]} 18. g3 Bb8 19. Nb5 Qf5 20. Rb3 h5 21. Qe2 Ng4 22. Be4 Qg5 23. f4 Qh6 24. Nc3 Qf6 25. Kh1 Be5 {[#]} 26. h3 $2 (26. Bh7+ $1 $18 {[%mdl 512] is more deadly.} Kxh7 27. Ne4) 26... Nh6 27. Na4 Nf5 28. Bxf5 $1 Qxf5 {[#]} 29. Kg2 $1 Bd6 30. Qe4 h4 31. Qxf5 Rxf5 32. g4 Rf7 33. Rb6 (33. Rf2 $16) 33... Bxf4 $2 (33... Bc7 $1 $11 34. Rb3 (34. Rxb7 Rxd3 35. Rf2 Rxf4 $11) 34... b6) 34. Nxc5 Be3 $2 (34... e5 $16 35. a4 Rc8) 35. Rxf7 $18 Kxf7 36. Rxb7+ {[%mdl 4096] Endgame KRB-KRN} Kf6 37. Nd7+ Ke7 38. Kf3 Bg1 39. Nc5+ (39. Ne5+ $142 Kf6 40. Rd7 Rxd7 41. Nxd7+ Ke7 42. Ne5) 39... Kf6 (39... Kd6 {is a better defense.}) 40. Ne4+ Ke5 41. Ke2 Ra8 42. Rb5+ ({Don't take} 42. Rxg7 $6 Rxa2+ 43. Kf1 Ra1+ 44. Kg2 Rd1 $16) 42... Kf4 {[#]} 43. Rb2 $1 Bd4 44. Rc2 Rb8 45. c5 {[%cal Bc4c5,Bc5c6][%mdl 32]} Rb1 $2 (45... Rc8 46. c6 Ke5) 46. c6 {And now c7 would win.} Rh1 (46... Rg1 $142 47. Rc4 Rg2+ 48. Kd1 Bb6) 47. Rc4 Rh2+ 48. Kd1 Bb6 49. Nd2+ (49. Rb4 $142 Ba5 50. Ra4 Rh1+ 51. Kc2 Rh2+ 52. Kb3) 49... Ke3 50. Nf1+ Kxd3 {Precision: White = 59%, Black = 48%.} 1-0

[Event "29th Czech Open-Rapid 2018"]
[Site "Pardubice"]
[Date "2018.07.18"]
[Round "3"]
[White "Rasik, Vitezslav"]
[Black "Boruchovsky, Avital"]
[Result "1-0"]
[WhiteElo "2458"]
[BlackElo "2558"]
[Annotator "TA"]
[PlyCount "75"]
[EventDate "2018.07.18"]
[EventType "swiss"]
[EventCountry "CZE"]
[SourceTitle "playchess.com"]
[Source "ChessBase"]
[SourceQuality "1"]

{[%evp 24,75,8,0,10,15,21,0,9,16,24,20,51,42,38,29,87,45,26,40,68,59,211,190,256,252,278,255,574,567,798,786,1206,1171,1472,1408,1200,800,787,784,1656,1723,29972,1358,1347,1342,1304,1278,355,1187,1123,712,29997,29998]} 1. e4 e5 2. Nf3 Nc6 3. Bb5 a6 4. Ba4 Nf6 5. d3 b5 6. Bb3 Be7 7. O-O Bb7 8. Nc3 O-O 9. Nd5 Na5 10. Nxe7+ Qxe7 11. Bg5 {[%cal Bc1g5,Bg5h4,Bh4g3][%mdl 32] C84: Closed Ruy Lopez: Unusual White 6th moves} (11. Nh4 Nxb3 12. axb3 d5 13. Nf5 Qe6 14. f3 g6 15. Nh6+ Kg7 16. Qe1 Ng8 17. Ng4 f6 18. Be3 h5 {½-½ (77) Vallejo Pons,F (2684)-Kravtsiv,M (2621) Berlin 2015}) 11... h6 12. Bh4 Nxb3 13. axb3 {LiveBook: 4 Games. The position is equal.} Qe6 14. Bg3 d6 15. Nh4 Rad8 $146 ({Predecessor:} 15... d5 16. exd5 Qxd5 17. Re1 Rfe8 18. Qf3 e4 19. dxe4 Rxe4 20. Rxe4 Nxe4 {0-1 (35) Aginian,N (2325)-Zawadzka,J (2378) Dresden 2008}) 16. c4 c6 17. f4 bxc4 18. bxc4 exf4 $1 19. Rxf4 d5 (19... g5 $11 {remains equal.} 20. Rf5 c5) 20. cxd5 cxd5 21. e5 $1 {[%cal Re5f6]} ({Much worse is} 21. Qb3 Ba8 $15) 21... Nh7 22. Nf5 {aiming for Qg4.} Kh8 $2 {[#]} (22... Bc8 $14) 23. Qg4 $1 $18 {[%csl Gf5][%cal Rg4g7]} g5 (23... g6 $142) 24. Rf2 d4 25. Qh5 $40 {[%mdl 128] White wants a kill.} Bc8 $2 (25... Qg6 26. Qxh6 Qxh6 27. Nxh6 Kg7) 26. Nxh6 f5 27. exf6 Rd5 28. Qg6 {[%csl Gf6][%cal Rg6g7] [#]} Rd7 29. Raf1 Bb7 30. Nf5 Rxf6 31. Qh5 Kg8 32. Re2 Qc6 33. Qe8+ (33. Re8+ $142 Nf8 34. Qxg5+ Kh7 35. Rf3 Qe6 36. Rxe6 Rxe6 37. Ne7 Rdxe7 38. Rxf8) 33... Nf8 34. Ne7+ Rxe7 35. Qxe7 Rxf1+ 36. Kxf1 Qc1+ 37. Re1 Qxb2 38. Qxg5+ {Precision: White = 67%, Black = 13%.} 1-0

[Event "29th Czech Open-Rapid 2018"]
[Site "Pardubice"]
[Date "2018.07.18"]
[Round "3"]
[White "Zwardon, Vojtech"]
[Black "Kulkarni, Chinmay"]
[Result "1-0"]
[WhiteElo "2424"]
[BlackElo "2336"]
[Annotator "TA"]
[PlyCount "79"]
[EventDate "2018.07.18"]
[EventType "swiss"]
[EventCountry "CZE"]
[SourceTitle "playchess.com"]
[Source "ChessBase"]
[SourceQuality "1"]

{[%evp 16,79,18,14,24,17,29,15,54,27,103,96,87,89,114,114,156,143,269,267,276,270,260,274,266,220,254,249,364,345,365,344,406,412,425,386,410,377,403,407,407,401,402,395,388,355,355,345,349,341,355,347,348,339,404,404,597,611,659,470,943,405,713,708,29981,29982]} 1. c4 c5 2. g3 Nc6 3. Bg2 g6 4. Nc3 Bg7 5. a3 Nf6 6. Rb1 a5 7. d3 O-O 8. Bg5 {A36: Symmetrical English vs ...g6: 4 Bg2 Bg7} d6 9. Qd2 {LiveBook: 3 Games} Re8 10. Bh6 {White has an edge.} Bh8 11. h4 e5 $146 ({Predecessor:} 11... Ng4 12. h5 Nxh6 13. hxg6 hxg6 14. Qxh6 Bg7 15. Qh7+ Kf8 {1-0 (37) Kovalenko,I (2668)-Kotsur,P (2552) Almaty 2016}) 12. h5 Nd4 (12... Nxh5 $11 13. Nf3 Bg7) 13. hxg6 fxg6 14. e3 {[%cal Be2e3,Be3e4][%mdl 32]} Nf5 15. Bg5 $36 {[%mdl 2048] White is in control.} Qc7 16. Nb5 Qf7 (16... Qd8 $16 17. Ne2 Be6 18. Bxb7 Rb8) 17. e4 $18 Nd4 18. Nxd6 Qf8 19. Nxe8 Qxe8 20. b4 axb4 21. axb4 Bg4 (21... cxb4 {was necessary.} 22. Nf3 Nc6) 22. f3 Be6 23. Ne2 Nxe2 24. Kxe2 ({Don't take} 24. Qxe2 cxb4 25. Qd2 (25. Rxb4 Ra1+ 26. Kf2 Ng4+ 27. fxg4 Qf8+ 28. Bf3 Rxh1 $14) 25... b5 $18) 24... Nd7 25. b5 Nb6 26. Be3 Qe7 27. Ra1 Rf8 28. Ra7 Bf6 29. Qa5 Qc7 30. Qa3 Be7 31. Bd2 Qc8 32. Bc3 Bd6 33. Qa5 Bc7 34. Qa1 Nd7 35. Qc1 Nf6 (35... Rf7 $142 36. Qh6 Bb8) 36. Qg5 Qb8 37. Ra2 Nd7 (37... Qe8 $142 38. Ra3 Qe7 39. Bxe5 Bxe5) 38. Bh3 (38. Qe7 $142 {[%csl Gh1][%cal Re7h7]} Rf6 39. Qxh7+ Kf8 40. Bh3) 38... Qe8 {[#]} (38... Bxh3 $142 39. Rxh3 Qe8) 39. Ra8 $1 {[%mdl 512]} Bb8 {[#]} (39... Qxa8 40. Bxe6+) 40. Rxb8 $1 {Precision: White = 66%, Black = 14%.} 1-0

[Event "29th Czech Open-Rapid 2018"]
[Site "Pardubice"]
[Date "2018.07.18"]
[Round "3"]
[White "Matviishen, Viktor"]
[Black "Nikologorsky, Matfei"]
[Result "1-0"]
[WhiteElo "2423"]
[BlackElo "2222"]
[Annotator "TA"]
[PlyCount "99"]
[EventDate "2018.07.18"]
[EventType "swiss"]
[EventCountry "CZE"]
[SourceTitle "playchess.com"]
[Source "ChessBase"]
[SourceQuality "1"]

{[%evp 16,99,40,17,26,22,16,-7,-9,-11,0,-13,0,0,82,34,99,31,50,35,30,30,32,0,-14,-18,24,0,0,0,0,-3,31,0,0,-27,7,10,8,20,33,0,0,0,0,0,13,0,0,0,0,0,216,0,0,0,0,0,0,0,0,0,0,0,0,-208,0,0,0,0,105,102,318,314,2797,2487,6375,6104,29967,29972,29990,29987,29986,29987,29987,29988]} 1. d4 Nf6 2. c4 g6 3. Nc3 d5 4. cxd5 Nxd5 5. Bd2 Nb6 6. e3 {D85: Exchange Grünfeld: Unusual White 7th moves and lines with 7 Nf3} Bg7 7. f4 O-O 8. Nf3 Be6 9. Ne4 {LiveBook: 5 Games} Bd5 10. Qc2 $146 ({Predecessor:} 10. Bd3 Nc4 11. Qc2 Nxd2 12. Nfxd2 Nd7 13. O-O e6 {½-½ (37) Socko,B (2590)-Krasenkow,M (2620) Warsaw 2017}) 10... N8d7 11. b4 Nf6 12. Nc5 Nbd7 13. Bd3 Nxc5 14. bxc5 e6 (14... Bxf3 $11 15. gxf3 b6) 15. O-O Qe8 (15... Bxf3 $14 16. Rxf3 (16. gxf3 Nd5 $14) 16... b6) 16. Ne5 (16. e4 $16 Bc6 17. Ne5) 16... Nd7 $14 17. Bb5 c6 18. Bd3 {e4 is the strong threat.} f5 $1 19. Rab1 b6 20. Bb4 (20. cxb6 {feels hotter.} axb6 21. Bc4 c5 22. Rb2 Ra3 23. Bc1) 20... bxc5 21. Bxc5 Nxc5 22. Qxc5 Bxe5 23. fxe5 Qd7 24. Ba6 Rab8 25. a3 Qc7 26. Bc4 Rxb1 27. Rxb1 Rb8 28. Rxb8+ Qxb8 29. Bxd5 cxd5 {[%mdl 4096] Endgame KQ-KQ} 30. Qe7 Qb6 $1 31. Kf2 f4 $1 32. Kf3 fxe3 33. Kxe3 a5 $2 {[#]} (33... h5 $11 {and Black stays safe.}) 34. h4 $2 (34. Qd6 $1 $18 {[%cal Rd6b6]} Qxd6 35. exd6) 34... Qc6 $11 35. Qd8+ Kg7 $1 36. Qxa5 Qc1+ 37. Kd3 Qf1+ 38. Kc2 Qxg2+ 39. Kb3 Qg3+ 40. Kb4 $2 {[#]} (40. Qc3 $11 {and White has nothing to worry.} Qxh4 41. a4) 40... Qxh4 $2 (40... Qe1+ $1 $19 41. Kb5 Qxa5+ 42. Kxa5 h5) 41. Qc7+ Kh6 42. Kc5 Qg3 (42... Qh3 $11 43. Kd6 Qd3) 43. Kd6 $1 $16 Qxa3+ $2 (43... Qf2 $16 {was necessary.}) 44. Kxe6 $18 g5 $2 (44... Qe3 45. Kxd5 Kg5 46. Qd8+ Kf5) 45. Qd6 Qf3 46. Kd7+ Kg7 47. e6 {[%cal Be5e6,Be6e7][%mdl 32] White mates.} g4 48. Qe5+ Kg6 49. e7 Qf7 50. Qe6+ {Precision: White = 45%, Black = 40%.} 1-0